01062nam a2200229 i 4500001001100000005001700011008004100028080002300069080003900092100004500131245008700176260008600263300004400349500009700393600002700490650004200517651004000559710008600599852001100685952012100696999001500817C00006797c20241029142740.0940830s1975 sp f 000 0 spa d a73 Picart, Pierres a729.961.1:726.54(465.11 Irañeta)1 aAndrés Ordax, Salvador (d1941-)9210414aLos retablos de Pierres Picart en Irañeta (Navarra) / cSalvador Andrés Ordax. aValladolid : bUniversidad, Seminario de Estudios de Arte y Arqueología,c1975. aP. 259-268, [2] p. de lám. ; c25 cm. aSeparata de: Boletín del Seminario de Estudios de Arte y Arqueología, t. XL y LXI, 1975.14aPicart, Pierres.95222 aRetablos-zEspaña-zNavarra.980587 4aIrañeta (Navarra, España)952232 aUniversidad de Valladolid. bSeminario de Estudios de Arte y Arqueología.9423542jF-2674 001040708NORaRABASFbRABASFcDP1d1994-08-30eAl0oF-2674p1007477r2024-10-15 09:05:39w2024-10-15yFONDOMODER c6712d6712